Феномен повторения научных открытий в контексте обсуждения проблемы научной рациональности; Известия Томского политехнического университета [Известия ТПУ]; Т. 312, № 6 : Экономика. Философия, социология и культурология
| Parent link: | Известия Томского политехнического университета [Известия ТПУ]/ Томский политехнический университет (ТПУ).— , 2000- Т. 312, № 6 : Экономика. Философия, социология и культурология.— 2008.— [С. 93-97] |
|---|---|
| 1. Verfasser: | |
| Zusammenfassung: | Заглавие с титульного листа Электронная версия печатной публикации Раскрывается содержание проблемы рациональности, поднимаемой в рамках современной философии науки. Констатируются изменения в трактовке рациональности, учитывающие тенденции развития в современной науке. На основе рассмотрения повторений научных открытий обосновывается возможность формирования компромиссного подхода в обосновании рациональности научного знания. |
| Sprache: | Russisch |
| Veröffentlicht: |
2008
|
| Schriftenreihe: | Философия, социология и культурология |
| Schlagworte: | |
| Online-Zugang: | http://www.lib.tpu.ru/fulltext/v/Bulletin_TPU/2008/v312/i6/22.pdf |
| Format: | Elektronisch Buchkapitel |
| KOHA link: | https://koha.lib.tpu.ru/cgi-bin/koha/opac-detail.pl?biblionumber=173325 |
MARC
| LEADER | 00000nla2a2200000 4500 | ||
|---|---|---|---|
| 001 | 173325 | ||
| 005 | 20231229152838.0 | ||
| 035 | |a (RuTPU)RU\TPU\book\187985 | ||
| 035 | |a RU\TPU\book\187984 | ||
| 090 | |a 173325 | ||
| 100 | |a 20091223d2008 k y0rusy50 ca | ||
| 101 | 0 | |a rus | |
| 102 | |a RU | ||
| 135 | |a drnn ---uucaa | ||
| 181 | 0 | |a i | |
| 182 | 0 | |a b | |
| 200 | 1 | |a Феномен повторения научных открытий в контексте обсуждения проблемы научной рациональности |f А. Ю. Чмыхало | |
| 203 | |a Текст |c электронный | ||
| 215 | |a 1 файл (127 Кб) | ||
| 225 | 1 | |a Философия, социология и культурология | |
| 300 | |a Заглавие с титульного листа | ||
| 300 | |a Электронная версия печатной публикации | ||
| 320 | |a [Библиогр.: с. 97 (7 назв.)] | ||
| 330 | |a Раскрывается содержание проблемы рациональности, поднимаемой в рамках современной философии науки. Констатируются изменения в трактовке рациональности, учитывающие тенденции развития в современной науке. На основе рассмотрения повторений научных открытий обосновывается возможность формирования компромиссного подхода в обосновании рациональности научного знания. | ||
| 337 | |a Adobe Reader | ||
| 461 | 1 | |0 (RuTPU)RU\TPU\book\176237 |t Известия Томского политехнического университета [Известия ТПУ] |f Томский политехнический университет (ТПУ) |d 2000- | |
| 463 | 1 | |0 (RuTPU)RU\TPU\book\187959 |x 1684-8519 |t Т. 312, № 6 : Экономика. Философия, социология и культурология |v [С. 93-97] |d 2008 |p 220 с. | |
| 610 | 1 | |a повторения | |
| 610 | 1 | |a научные открытия | |
| 610 | 1 | |a научная рациональность | |
| 610 | 1 | |a современная философия | |
| 610 | 1 | |a философия | |
| 610 | 1 | |a компромиссный подход | |
| 610 | 1 | |a научные знания | |
| 610 | 1 | |a научное творчество | |
| 610 | 1 | |a труды учёных ТПУ | |
| 610 | 1 | |a электронный ресурс | |
| 700 | 1 | |a Чмыхало |b А. Ю. |c философ |c доцент Томского политехнического университета, кандидат философских наук |f 1973- |g Александр Юрьевич |3 (RuTPU)RU\TPU\pers\25447 |9 11389 | |
| 801 | 1 | |a RU |b 63413507 |c 20090623 |g PSBO | |
| 801 | 2 | |a RU |b 63413507 |c 20211207 |g PSBO | |
| 856 | 4 | |u http://www.lib.tpu.ru/fulltext/v/Bulletin_TPU/2008/v312/i6/22.pdf | |
| 942 | |c CF | ||